Jubilanti 40-ročný folklórny súbor Hron

Bibliographic Details
Main Author: Katina, Július (Author)
Format: Article
Language:Slovak
Subjects:

MARC

LEADER 00000nab a2200000 a 4500
001 vtls000647009
003 SK-MaSNL
005 20260302182252.0
008 160401c1997 xo 0 slo
015 |a SNBRB19rr/mm-uuuuu 
035 |a CL0647148 
040 |a SNKBUCL  |b slo  |c SNKBUCL  |e AACR2 
041 0 |a slo 
044 |a xo  |c SK 
080 |a 793.31:784.4  |2 1981 
080 |a 784.4  |2 1981 
100 1 |a Katina, Július  |4 aut  |9 767189 
245 1 0 |a Jubilanti  |b 40-ročný folklórny súbor Hron  |c Július Katina 
610 2 7 |a Hron (folklórny súbor)  |2 snkbucl  |9 33102 
655 7 |a články z novín a časopisov  |2 snkbucl  |9 267496 
773 0 |t Národná osveta  |g Roč. 7, č. 18-19 (1997) 
773 0 |t [Príl.] Folklór  |g Roč. 3, č. 4 (1997), s. 25-26 
850 |a Slovenská národná knižnica v Martine  |a MTA001 
852 |a SNK  |b KIS3GCP 
958 |a SK 
958 |a RK 
958 |a RBX 
999 |c 1417621  |d 1419551